[Event "EU-ch Rapid"]
[Site "Katowice"]
[Date "2021.12.19"]
[Round "8"]
[White "Flasinski, Michal"]
[Black "Redzisz, Michal"]
[Result "1/2-1/2"]
[WhiteElo "2195"]
[BlackElo "2261"]
[PlyCount "77"]
[EventDate "2021.12.18"]
[EventType "swiss (rapid)"]
[EventRounds "11"]
[EventCountry "POL"]
[SourceTitle "CBM 205 Extra"]
[Source "ChessBase"]
[SourceDate "2022.01.31"]
[SourceVersion "1"]
[SourceVersionDate "2022.01.31"]
[SourceQuality "1"]

1. d4 Nf6 2. Nf3 g6 3. c4 Bg7 4. Nc3 d5 5. Bf4 0-0 6. Rc1 c6 7. e3 a6 8. h3 b5 9. cxd5 cxd5 10. Bd3 Bb7 11. 0-0 Nc6 12. Qe2 Rc8 13. Nd2 Nh5 14. Bg5 Qd6 15. Nb3 e5 16. dxe5 Nxe5 17. Rfd1 Nxd3 18. Rxd3 b4 19. Nd1 Rxc1 20. Nxc1 a5 21. Qf3 Qc7 22. Nb3 d4 23. Qg4 f5 24. Qh4 h6 25. Bxh6 Bxh6 26. Nxd4 Qc4 27. Rd2 a4 28. Nxf5 Qxh4 29. Nxh4 g5 30. Ng6 Re8 31. Rd7 Be4 32. Ne7+ Kf8 33. Nd5 Bxd5 34. Rxd5 Nf6 35. Rd4 Rb8 36. Kf1 Bg7 37. a3 bxa3 38. bxa3 Rb3 39. Rxa4 1/2-1/2

[Event "POL-chT 2nd League"]
[Site "Poronin"]
[Date "2020.09.13"]
[Round "9.14"]
[White "Walaszczyk, Witold"]
[Black "Flasinski, Michal"]
[Result "1-0"]
[WhiteElo "2028"]
[BlackElo "2205"]
[PlyCount "117"]
[EventDate "2020.09.05"]
[EventType "team-swiss"]
[EventRounds "9"]
[EventCountry "POL"]
[SourceTitle "CBM 198 Extra"]
[Source "ChessBase"]
[SourceDate "2020.11.30"]
[SourceVersion "1"]
[SourceVersionDate "2020.11.30"]
[SourceQuality "1"]
[WhiteTeam "Konin Hetman"]
[BlackTeam "Gliwice Politechnika Slaska"]
[WhiteTeamCountry "POL"]
[BlackTeamCountry "POL"]

1. d4 d5 2. Nf3 Nf6 3. g3 g6 4. Bg2 Bg7 5. 0-0 0-0 6. b3 c5 7. dxc5 Na6 8. Bb2 Nxc5 9. Nbd2 b6 10. c4 Bb7 11. b4 Nce4 12. Nxe4 Nxe4 13. Bxg7 Kxg7 14. cxd5 Qxd5 15. Qd4+ Nf6 16. Qxd5 Bxd5 17. Nd4 Rac8 18. Bxd5 Nxd5 19. b5 Rc4 20. e3 Rfc8 21. a4 R8c5 22. Nb3 Rc7 23. Kg2 Kf6 24. Nd4 Nb4 25. a5 e5 26. axb6 axb6 27. Nb3 Rc2 28. Rfc1 Nd3 29. Rxc2 Rxc2 30. Ra6 Rxf2+ 31. Kg1 Rb2 32. Rxb6+ Kf5 33. Na5 Kg4 34. Rf6 Rxb5 35. Nc4 Rc5 36. Nd2 Rc1+ 37. Nf1 Rc2 38. e4 Kh3 39. Ne3 Rc1+ 40. Nf1 Rc2 41. Ne3 Re2 42. Nc4 Rxe4 43. Rxf7 Rxc4 44. Rxh7+ Kg4 45. Rh4+ Kf3 46. Rxc4 e4 47. Rc6 g5 48. Rf6+ Ke2 49. h4 gxh4 50. gxh4 Ne5 51. h5 e3 52. h6 Ng4 53. h7 Nxf6 54. h8Q Ne4 55. Qd4 Nd2 56. Kg2 Nb1 57. Qc4+ Kd2 58. Qb4+ Nc3 59. Qd4+ 1-0

[Event "EU-ch rapid"]
[Site "Katowice"]
[Date "2017.12.16"]
[Round "6"]
[White "Flasinski, Michal"]
[Black "Sergeev, Vladimir"]
[Result "0-1"]
[WhiteElo "2218"]
[BlackElo "2406"]
[PlyCount "74"]
[EventDate "2017.12.16"]
[EventType "swiss (rapid)"]
[EventRounds "11"]
[EventCountry "POL"]
[SourceTitle "CBM 182 Extra"]
[Source "ChessBase"]
[SourceDate "2018.02.23"]
[SourceVersion "1"]
[SourceVersionDate "2018.02.23"]
[SourceQuality "1"]

1. d4 Nf6 2. c4 d6 3. Nc3 g6 4. Nf3 Bg7 5. g3 0-0 6. Bg2 Bg4 7. 0-0 Nc6 8. Qd3 Nb4 9. Qd2 c5 10. d5 Qc8 11. a3 Na6 12. Re1 Nc7 13. e4 Bxf3 14. Bxf3 Nd7 15. Bg2 Rb8 16. Qe2 a6 17. a4 e6 18. Bh3 exd5 19. Nxd5 Nxd5 20. exd5 Qd8 21. Bxd7 Qxd7 22. Bf4 Rfe8 23. Qc2 Rxe1+ 24. Rxe1 b5 25. axb5 axb5 26. b3 h6 27. Qe4 g5 28. Bd2 Be5 29. Kh1 bxc4 30. bxc4 Rb2 31. Qd3 Qa4 32. f4 Qa2 33. fxe5 Rxd2 34. Qf3 Rf2 35. Qh5 Qd2 36. Ra1 Qe3 37. Ra8+ Kg7 0-1

[Event "Katowice POL-HUN 5th"]
[Site "Katowice"]
[Date "2017.05.21"]
[Round "7"]
[White "Sadzikowski, Daniel"]
[Black "Flasinski, Michal"]
[Result "1-0"]
[WhiteElo "2548"]
[BlackElo "2205"]
[PlyCount "63"]
[EventDate "2017.05.20"]
[EventType "swiss (rapid)"]
[EventRounds "9"]
[EventCountry "POL"]
[SourceTitle "CBM 178 Extra"]
[Source "ChessBase"]
[SourceDate "2017.06.22"]
[SourceVersion "1"]
[SourceVersionDate "2017.06.22"]
[SourceQuality "1"]

1. e4 c6 2. d4 d5 3. exd5 cxd5 4. Bd3 Nc6 5. c3 Nf6 6. Bf4 Bg4 7. Qb3 Qc8 8. Nd2 e6 9. Ngf3 Be7 10. 0-0 0-0 11. Qc2 Bh5 12. Rae1 Bg6 13. Bxg6 hxg6 14. Qd3 Nh5 15. Bg3 Nxg3 16. fxg3 b5 17. g4 b4 18. h4 bxc3 19. bxc3 Qc7 20. g5 Qg3 21. Rf2 Rac8 22. Nf1 Qc7 23. h5 gxh5 24. g6 Nd8 25. gxf7+ Rxf7 26. Rc2 Qf4 27. Ne5 Qf5 28. Qe2 Rf8 29. Ng3 Qg5 30. Nf1 Bd6 31. Qa6 Qf5 32. Ne3 1-0

[Event "POL-chT 1st League"]
[Site "Poronin"]
[Date "2012.09.??"]
[Round "5"]
[White "Flasinski, Michal"]
[Black "Maciejczak, Jakub"]
[Result "1/2-1/2"]
[WhiteElo "2197"]
[BlackElo "2360"]
[PlyCount "80"]
[EventDate "2012.09.01"]
[EventType "team-tourn"]
[EventRounds "9"]
[EventCountry "POL"]
[SourceTitle "EXT 2013"]
[Source "ChessBase"]
[SourceDate "2012.11.22"]
[SourceVersion "1"]
[SourceVersionDate "2012.11.22"]
[SourceQuality "1"]
[WhiteTeam "Gliwice Politechnika Slaska"]
[BlackTeam "Ostrow Wielkopolski"]
[WhiteTeamCountry "POL"]
[BlackTeamCountry "POL"]

1. d4 d5 2. c4 c6 3. Nf3 Nf6 4. e3 Bf5 5. Nc3 e6 6. Nh4 Bg6 7. Be2 Nbd7 8. Qb3 Qc7 9. Nxg6 hxg6 10. g3 Bd6 11. Bd2 a6 12. Rc1 Rb8 13. Bf3 Qd8 14. 0-0 dxc4 15. Qxc4 c5 16. dxc5 Bxc5 17. Bg2 0-0 18. Rfd1 b5 19. Qe2 Qe7 20. Rc2 Ne5 21. Ne4 Nxe4 22. Bxe4 Bb4 23. Bc1 Rfd8 24. b3 Rxd1+ 25. Qxd1 Rd8 26. Qe2 Qd6 27. Bb2 f5 28. Bb7 Nd3 29. Bd4 Ne1 30. Rc1 e5 31. Bc5 Qd3 32. Kf1 Qxe2+ 33. Kxe2 Nd3 34. Rd1 Bxc5 35. Rxd3 Rxd3 36. Kxd3 a5 37. Bc6 b4 38. Kc4 Bb6 39. Kd5 f4 40. gxf4 exf4 1/2-1/2

[Event "POL-chT 1st League"]
[Site "Poronin"]
[Date "2012.09.??"]
[Round "8"]
[White "Iwanow, Anna"]
[Black "Flasinski, Michal"]
[Result "1-0"]
[WhiteElo "2198"]
[BlackElo "2197"]
[PlyCount "89"]
[EventDate "2012.09.01"]
[EventType "team-tourn"]
[EventRounds "9"]
[EventCountry "POL"]
[SourceTitle "EXT 2013"]
[Source "ChessBase"]
[SourceDate "2012.11.22"]
[SourceVersion "1"]
[SourceVersionDate "2012.11.22"]
[SourceQuality "1"]
[WhiteTeam "Wroclaw Polonia"]
[BlackTeam "Gliwice Politechnika Slaska"]
[WhiteTeamCountry "POL"]
[BlackTeamCountry "POL"]

1. e4 c6 2. d4 d5 3. Nc3 dxe4 4. Nxe4 Nd7 5. Bc4 Ngf6 6. Ng5 e6 7. Qe2 Nb6 8. Bd3 h6 9. N5f3 c5 10. dxc5 Bxc5 11. Bd2 Qc7 12. 0-0-0 0-0 13. Ne5 Nbd5 14. g4 Ne3 15. fxe3 Qxe5 16. Nf3 Qd5 17. c4 Qc6 18. g5 hxg5 19. Rhg1 Be7 20. Rxg5 Ne8 21. Rg3 Qc5 22. Rdg1 Bf6 23. h4 Qh5 24. Qg2 Bd7 25. Ng5 Be5 26. Rh3 f5 27. Be2 Qh6 28. Nf3 Bc6 29. Qf2 Bc7 30. h5 Rf6 31. Bc3 Bb6 32. Nd2 Rf7 33. Rg6 Qh7 34. Qg3 Bc7 35. Qg1 e5 36. Nf3 Bxf3 37. Bxf3 e4 38. Be2 Bb6 39. c5 Bxc5 40. Bc4 f4 41. Qg5 Bxe3+ 42. Rxe3 fxe3 43. Bxf7+ Kxf7 44. Qd5+ Kf8 45. Bb4+ 1-0

[Event "POL-chT 1st League"]
[Site "Katowice"]
[Date "2010.09.07"]
[Round "4"]
[White "Kaim, Piotr"]
[Black "Flasinski, Michal"]
[Result "1/2-1/2"]
[WhiteElo "2288"]
[BlackElo "2214"]
[PlyCount "118"]
[EventDate "2010.09.04"]
[EventType "team-tourn"]
[EventRounds "9"]
[EventCountry "POL"]
[SourceTitle "EXT 2019"]
[Source "ChessBase"]
[SourceDate "2018.10.10"]
[SourceVersion "1"]
[SourceVersionDate "2018.10.10"]
[SourceQuality "1"]
[WhiteTeam "Warszawa YMCA"]
[BlackTeam "Gliwice Politechnika Slaska"]
[WhiteTeamCountry "POL"]
[BlackTeamCountry "POL"]

1. e4 c6 2. d4 d5 3. Nd2 dxe4 4. Nxe4 Bf5 5. Ng3 Bg6 6. Nf3 e6 7. Ne5 Nd7 8. Nxg6 hxg6 9. Qf3 Qf6 10. Qxf6 Ngxf6 11. Bd2 0-0-0 12. Be2 Nb6 13. c3 c5 14. dxc5 Bxc5 15. Rd1 Na4 16. Bc1 Bb6 17. 0-0 Nc5 18. Be3 Na4 19. Bxb6 Nxb6 20. Rfe1 Kc7 21. Nf1 a5 22. Ne3 Nfd5 23. Nxd5+ Rxd5 24. Rxd5 Nxd5 25. Bf3 Ne7 26. g3 Rb8 27. Re5 b5 28. b4 axb4 29. cxb4 Kd6 30. Rc5 Nd5 31. a3 Ra8 32. Rxb5 Rxa3 33. Kg2 Ra7 34. Rb8 f6 35. b5 Rd7 36. Be4 g5 37. Bg6 Kc7 38. Re8 Re7 39. Rxe7+ Nxe7 40. Bf7 Kb6 41. Bxe6 Kxb5 42. Kf3 Kc5 43. Ke4 Kd6 44. Bf7 Kc7 45. Bb3 Kd6 46. Kd4 Nf5+ 47. Ke4 Ne7 48. Bf7 Kc7 49. f4 gxf4 50. Kxf4 Kd6 51. h4 Kc7 52. Bb3 Kd6 53. Bf7 Kc7 54. g4 Kd6 55. g5 fxg5+ 56. hxg5 Nc6 57. Kf5 Ne7+ 58. Kf4 Nc6 59. Kf5 Ne7+ 1/2-1/2

[Event "POL-chT 2nd League"]
[Site "Ustron"]
[Date "2008.09.06"]
[Round "1.16"]
[White "Spicak, Krzysztof"]
[Black "Flasinski, Michal"]
[Result "0-1"]
[WhiteElo "2011"]
[BlackElo "2236"]
[PlyCount "42"]
[EventDate "2008.09.06"]
[EventType "team-swiss"]
[EventRounds "9"]
[EventCountry "POL"]
[SourceTitle "EXT 2015"]
[Source "ChessBase"]
[SourceDate "2014.11.20"]
[SourceVersion "1"]
[SourceVersionDate "2014.11.20"]
[SourceQuality "1"]
[WhiteTeam "Milanowek UKS Jedwabnik"]
[BlackTeam "Gliwice Politechnika Slaska"]
[WhiteTeamCountry "POL"]
[BlackTeamCountry "POL"]

1. f4 d5 2. g3 c5 3. Nf3 Nc6 4. Bg2 g6 5. 0-0 Bg7 6. d3 Nf6 7. Na3 0-0 8. c3 Rb8 9. Qc2 b5 10. e4 b4 11. Nb1 bxc3 12. bxc3 dxe4 13. dxe4 Qa5 14. Rd1 e5 15. fxe5 Ng4 16. Bf4 Ngxe5 17. Nxe5 Nxe5 18. Rd5 Re8 19. Nd2 Bb7 20. Nb3 Qb6 21. Rf1 Rbc8 0-1

[Event "POL-chT3 Slaskie"]
[Site "Poland"]
[Date "2008.05.10"]
[Round "7.11"]
[White "Walach, Marcin"]
[Black "Flasinski, Michal"]
[Result "1/2-1/2"]
[WhiteElo "2412"]
[BlackElo "2218"]
[PlyCount "64"]
[EventDate "2008.02.03"]
[EventType "team-swiss"]
[EventRounds "9"]
[EventCountry "POL"]
[SourceTitle "EXT 2019"]
[Source "ChessBase"]
[SourceDate "2018.10.10"]
[SourceVersion "1"]
[SourceVersionDate "2018.10.10"]
[SourceQuality "1"]

1. d4 Nf6 2. c4 e6 3. Nc3 Bb4 4. e3 0-0 5. Nge2 d5 6. a3 Be7 7. Nf4 c6 8. Bd3 Nbd7 9. 0-0 dxc4 10. Bxc4 e5 11. Nfe2 exd4 12. exd4 Nb6 13. Bd3 Be6 14. Re1 Bc4 15. Bc2 Re8 16. Ng3 c5 17. Be3 Nbd5 18. Nxd5 Nxd5 19. Bxh7+ Kxh7 20. Qc2+ Kg8 21. Qxc4 Nxe3 22. fxe3 Bg5 23. Qd3 Qb6 24. dxc5 Qxc5 25. Nf1 Rac8 26. Re2 Re6 27. Rae1 b5 28. Rf2 Bf6 29. Ree2 Rd6 30. Qe4 Qc4 31. Qf5 Rd5 32. Qb1 Qb3 1/2-1/2

[Event "POL-chT3 Liga Slaska"]
[Site "Poland"]
[Date "2007.02.11"]
[Round "3"]
[White "Flasinski, Michal"]
[Black "Dworakowska, Joanna"]
[Result "1/2-1/2"]
[WhiteElo "2200"]
[BlackElo "2376"]
[PlyCount "95"]
[EventDate "2007.01.28"]
[EventType "team-swiss"]
[EventRounds "9"]
[EventCountry "POL"]
[SourceTitle "EXT 2011"]
[Source "ChessBase"]
[SourceDate "2010.11.26"]
[SourceVersion "1"]
[SourceVersionDate "2010.11.26"]
[SourceQuality "1"]
[WhiteTeam "Gliwice Politechnika Slaska II"]
[BlackTeam "Katowice Hetman Szopienice III"]
[WhiteTeamCountry "POL"]
[BlackTeamCountry "POL"]

1. e4 c5 2. Nf3 d6 3. d4 cxd4 4. Nxd4 Nf6 5. Nc3 a6 6. f3 e5 7. Nb3 Be7 8. Be3 Be6 9. Qd2 0-0 10. g4 d5 11. exd5 Nxd5 12. Nxd5 Bxd5 13. Be2 Bh4+ 14. Kf1 Bc6 15. Qxd8 Bxd8 16. Rd1 Nd7 17. Kf2 Rc8 18. Bd3 g6 19. c3 Nf6 20. Nc5 Nd5 21. Ne4 Be7 22. Bg5 Bxg5 23. Nxg5 Nf4 24. Be4 Rcd8 25. Bxc6 bxc6 26. b3 f5 27. gxf5 gxf5 28. Kg3 h6 29. Nh3 Ne2+ 30. Kh4 Nxc3 31. Rde1 Rd5 32. Kh5 Kf7 33. Rhg1 Rd3 34. Rxe5 Rxf3 35. Rg3 Rxg3 36. hxg3 Kf6 37. Rc5 Ne4 38. Rxc6+ Ke5 39. Rxa6 Nxg3+ 40. Kh4 f4 41. Ra5+ Ke4 42. Ra4+ Kf3 43. Rxf4+ Rxf4+ 44. Nxf4 Kxf4 45. a4 Ne4 46. a5 Nd6 47. a6 Nb5 48. Kh5 1/2-1/2

[Event "POL-chT 1st League"]
[Site "Jarnoltowek"]
[Date "2005.09.10"]
[Round "8.9"]
[White "Markiewicz, Jerzy"]
[Black "Flasinski, Michal"]
[Result "1/2-1/2"]
[WhiteElo "2308"]
[BlackElo "2176"]
[PlyCount "51"]
[EventDate "2005.09.03"]
[EventType "team-tourn"]
[EventRounds "9"]
[EventCountry "POL"]
[SourceTitle "EXT 2019"]
[Source "ChessBase"]
[SourceDate "2018.10.10"]
[SourceVersion "1"]
[SourceVersionDate "2018.10.10"]
[SourceQuality "1"]
[WhiteTeam "Dankowice Pasjonat"]
[BlackTeam "Gliwice Politechnika Slaska"]
[WhiteTeamCountry "POL"]
[BlackTeamCountry "POL"]

1. d4 Nf6 2. c4 e6 3. Nf3 b6 4. g3 Ba6 5. b3 Bb4+ 6. Bd2 Be7 7. Nc3 c6 8. Bg2 d5 9. cxd5 cxd5 10. 0-0 Nc6 11. Bc1 Rc8 12. Bb2 0-0 13. Rc1 Bd6 14. Re1 Qe7 15. e3 Rfd8 16. Bf1 Bxf1 17. Rxf1 Ba3 18. Qd2 Bxb2 19. Qxb2 e5 20. dxe5 Nxe5 21. Qe2 Nxf3+ 22. Qxf3 Qe5 23. Nb5 Qb2 24. Rxc8 Rxc8 25. Nxa7 Re8 26. Nb5 1/2-1/2